000 00469nam a2200181Ia 4500
008 210210b1994 xxu||||| |||| 00| 0 eng d
020 _a0 7069 8529 X
041 _aeng
082 _a657.42 AROT
100 _aARORA (M N).
245 _aTextbook of cost accountancy. Rev Ed 3.
250 _a
260 _aNew Delhi.
_bVikas Publishing House Pvt., ltd.,
_c1994
300 _axvi,1045
650 _aCost Accounting
690 _aCost Accounting
906 _a050166
999 _c98880
_d98880